000 00431nam a2200169Ia 4500
005 20260403115633.0
008 231207s9999 xx 000 0 und d
020 _a9788130703992
040 _cPK-LaNCA
082 _a001.303
_bENC
245 0 _aencyclopedia of humanities
260 _bCosmo Publications
_aNew Delhi
_c2006
300 _aTwo Vel Set
546 _aEnglish
650 _aHumanities--Encyclopedias.
942 _cBK
999 _c28353
_d28353